00746cam a2200229 a 45000010009000000050017000090080041000260200018000670200015000850400013001000820016001132450153001292600048002823000035003305460012003656500021003776500015003987000021004137000032004347000027004667000023004931709151520190723100454.0111221s2011 ii a b 010 0 eng  a9780198073970 a0198073976 cPK-LaUMT a330.1bDIM-00aDimensions of economic theory and policy :bessays for Anjan Mukherji /cedited by Krishnendu Ghosh Dastidar, Hiranya Mukhopadhyay, Uday Bhanu Sinha aNew Delhi :bOxford University Press,c2011 axiii, 370 p. :bill. ;c22 cm. aEnglish 0aEconomic policy. 0aEconomics.1 aMukherji, Anjan.1 aDastidar, Krishnendu Ghosh.1 aMukhopadhyay, Hiranya.1 aSinha, Uday Bhanu.